010110000a22002050004500003001100000005001700011008004100028040003900069041000800108082001500116245003600131260006100167300001900228500002600247505041600273650002800689650003000717650003100747650002700778LK-CoMWRAF20240503134545.0230817t2005 ||||| |||| 00| 0 eng d aLK-CoMWRAFdLK-CoMWRAFeLK-CoMWRAF aeng a303.6bTOW aTowards a peaceful Sri Lanka... aColombo:bWomen's Education and Research Centre,c[2005] avarious paging a(contains 5 booklets) aBooklets contain; A secular constitution: an imperative for peace by Fernando, Anton G. Gender representation in the peace process by Fonseka, Dilrukshi The futility of war and its enduring human cost by Perera, Jehan The federal option for Sri Lanka: opportunities and challenges for constitutional settlement by David, Kumar Sri Lanka's ethnic relations: social and historical context by Fernando, Laksiri aPeace process-Sri Lanka aEthnic violence-Sri Lanka aEthnic relations-Sri Lanka aConstitution-Sri Lanka